000 01179nam1a2200301 i 4500
001 RU\NLR\bibl\255148
005 20260409073513.0
035 _a(NLR Aleph) 000250908
090 _a1464029
_c1464029
100 _a20020423g20012001b y0rusy50 ca
101 0 _arus
102 _aRU
105 _aa |||||||||
200 1 _aИгралочка
_eМатематика для детей и их родителей
_e[Учеб. тетр.
_eВ 2 ч.]
_fЛ. Г. Петерсон, Е. Е. Кочемасова
205 _a[2-е изд., испр.]
210 _aМ.
_cБаласс
_d2001
215 _d26
463 0 _1001238888
463 0 _1001238881
606 _8rus
_aДошкольники
_xОбучение математике
_7ca
_jМетодические пособия
_3RU\NLR\auth\661265024
_92089866
686 _aЧ491.71
700 1 _4070
_7ca
_8rus
_aПетерсон
_bЛ. Г.
_f1950-
_gЛюдмила Георгиевна
_3RU\NLR\auth\77823
_9110863
701 1 _aКочемасова
_bЕ. Е.
_gЕлена Евгеньевна
_4070
801 0 _aRU
_bNLR
_c20020423
_gPSBO
801 1 _aRU
_bNLR
_c20020423
852 _aNLR
_j2002-7/894
942 _cBOOK